Mūsīqā qudamāʼ al-Miṣrīyīn /

محفوظ في:

المؤلف الرئيسي: El Hefny, Mahmoud (مؤلف)

التنسيق: كتاب

اللغة: Arabic

منشور في: [Cairo] : Dar al-Matbuat al-Raqiyah, 1936.

الموضوعات:

الوسوم: إضافة وسم

لا توجد وسوم, كن أول من يضع وسما على هذه التسجيلة!

رقم الطلب: ML164 .H43 1936

LEADER 01050namaa2200253 4500
001 15112
003 OSt
005 20230809095852.0
008 130303s1936 ua ac 000 0 ara d
952 |0 0  |1 0  |2 lcc  |4 0  |6 ML0164 H43 01936  |7 1  |9 49500  |a ARCE  |b ARCE  |d 2023-08-09  |l 0  |o ML164 .H43 1936  |p 1029977  |r 2023-08-09 00:00:00  |w 2023-08-09  |y BK 
999 |c 10209  |d 10209 
040 |c ARCE Library 
043 |a f-ua--- 
050 4 |a ML164 .H43 1936 
100 1 |6 880-01  |a El Hefny, Mahmoud,  |e author 
245 1 0 |6 880-02  |a Mūsīqā qudamāʼ al-Miṣrīyīn /   |c taʼlīf Maḥmūd Aḥmad al-Ḥifnī. 
264 1 |a [Cairo] :   |b Dar al-Matbuat al-Raqiyah,   |c 1936. 
300 |a 2 volume in 1 :  |b illustrations, portraits ;  |c 28 cm. 
650 0 |a Arabs  |v Music  |x History and criticism. 
650 0 |a Music  |z Egypt  |y To 500  |x History and criticism. 
880 1 |6 100-01/(3/r  |a  الحفني, محمود  
880 1 0 |6 245-02/(3/r  |a موسيقى قدماء المصريين   |c تأليف محمود أحمد الحفني.‪‪‪‪‪‪‪‪ 
901 |a reviewed 
942 |c BK  |2 lcc